| 000 | 00990nam a2200277 a 4500 | ||
|---|---|---|---|
| 005 | 20200104041542.0 | ||
| 008 | 140911b2003 ck ||||| |||| 00| 0 spa d | ||
| 020 | _a9588151252 | ||
| 040 |
_aCO-BoIAVH _cCO-BoIAVH |
||
| 041 | _aspa | ||
| 044 | _ack | ||
| 082 | 0 | 4 |
_a341.37 _bH91c |
| 090 |
_aIAVH _b00258 |
||
| 110 | 2 |
_bInstituto de Investigación de Recursos Biológicos Alexander von Humboldt _9204 |
|
| 245 | 1 | 0 | _aConvenio de las Naciones Unidas sobre diversidad biológica y protocolo de Cartagena sobre seguridad en la biotecnología |
| 250 | _aSegunda edición. | ||
| 260 |
_aBogotá: _bInstituto Alexander von Humboldt; _c2003. |
||
| 300 |
_a118 p. _c21 cm. |
||
| 650 | 4 |
_aConvenios internacionales _93879 |
|
| 650 | 6 |
_aDerecho internacional ambiental _zColombia _932169 |
|
| 650 | 4 |
_aConvenio sobre diversidad biológica _93261 |
|
| 650 | 4 |
_aBiotecnología _932170 |
|
| 650 | 4 |
_aProtocolo de Cartagena sobre bioseguridad _94523 |
|
| 942 |
_cLIBRO _2ddc |
||
| 945 | _d2004-03-04 | ||
| 999 |
_c3728 _d3728 |
||